LEADER 03234nam 2200625 a 450 001 9910954585403321 005 20240417025431.0 035 $a(CKB)3280000000002259 035 $a(OCoLC)816351317 035 $a(CaPaEBR)ebrary10690597 035 $a(SSID)ssj0000754884 035 $a(PQKBManifestationID)12297625 035 $a(PQKBTitleCode)TC0000754884 035 $a(PQKBWorkID)10726448 035 $a(PQKB)11742684 035 $a(Au-PeEL)EBL3399572 035 $a(CaPaEBR)ebr10690597 035 $a(CaONFJC)MIL524118 035 $a(OCoLC)923349925 035 $a(CaSebORM)9781592537815 035 $a(MiAaPQ)EBC3399572 035 $a(OCoLC)ocn816351317 035 $a(Perlego)2066562 035 $a(EXLCZ)993280000000002259 100 $a20120223d2012 uy 0 101 0 $aeng 135 $aurcn||||||||| 181 $ctxt 182 $cc 183 $acr 200 10$aDrawing for graphic design $eunderstanding conceptual principles and practical techniques to create unique, effective design solutions /$fTimothy Samara 205 $a1st edition 210 $aBeverly $cRockport Publishers$d2012 215 $a1 online resource (226 p.) 300 $aIncludes index. 311 08$a9781592537815 311 08$a1592537812 311 08$a9781610584111 311 08$a1610584112 327 $aCover -- Title -- Contents -- Foreword: Thoughts On Drawing: In Design Culture, Education, and Practice -- Discovery -- Territories of Design Drawing -- Universal Principles of a Strong Drawing -- Message and Metaphor: Creating Narratives with Drawing -- Processes -- The Search: Ideation and Resolution -- From Pencil to Mouse-and Beyond: Integrating Drawing with Other Image-Making and Production -- Selected Case Studies -- Invention -- Getting Started: Tools and Prep -- Exercises -- Artifacts: A Showcase of Drawing-Based Design Projects from Around the World -- Index -- A -- B -- C -- D -- E -- F -- G -- H -- I -- J -- K -- L -- M -- N -- O -- P -- R -- S -- T -- U -- V -- W -- Y -- Z -- Acknowledgments: A directory of designers who contributed their work to this book appears under the inside back cover flap. 330 $a"Here is a complete, comprehensive drawing reference for design students and professionals alike who want to implement drawing as a professional tool. In Drawing for Graphic Design, Timothy Samara empowers readers to add drawing to their design vocabulary, featuring case studies of commercial projects from start to finish along with a showcase of real-world projects that integrate drawing as an intrinsic part of their visual communication. Filled with original author drawings and sketches, it's a must-have reference that will benefit designers of all levels"--$cProvided by publisher. 606 $aGraphic arts$vHandbooks, manuals, etc 606 $aCommercial art$vHandbooks, manuals, etc 615 0$aGraphic arts 615 0$aCommercial art 676 $a741.6 686 $aDES007040$aDES012000$2bisacsh 700 $aSamara$b Timothy$0512260 801 0$bMiAaPQ 801 1$bMiAaPQ 801 2$bMiAaPQ 906 $aBOOK 912 $a9910954585403321 996 $aDrawing for graphic design$94358275 997 $aUNINA LEADER 06619oam 2201105 c 450 001 9910754084803321 005 20260302090207.0 010 $a3-8474-1957-9 024 3 $a9783847419570 035 $a(CKB)28853196900041 035 $a(MiAaPQ)EBC30882778 035 $a(Au-PeEL)EBL30882778 035 $a(Perlego)4288393 035 $a(Verlag Barbara Budrich)9783847419570 035 $a(OCoLC)1408987902 035 $a(EXLCZ)9928853196900041 100 $a20260302h20232024 uy 0 101 0 $ager 135 $aur||||||||||| 181 $ctxt$2rdacontent 182 $cc$2rdamedia 183 $acr$2rdacarrier 200 00$aAntisemitismus in der postnazistischen Migrationsgesellschaft $eEine interdisziplinäre Bestandsaufnahme /$fSalome Richter, Dorothea Seiler, Marc Seul, Luca Zarbock, Andreas Borsch, Luisa Gärtner, Lennard Schmidt, Henning Gutfleisch, Stefan Vennmann, Sebastian Winter, Christoph Wolf, Charlotte Wiemann, Ruben Obenhaus, Thure Alting, Benny Momper, Benjamin Damm, Rosa Fava, Pavel Brunssen, Lasse Müller, Linda Giesel, Katinka Meyer, Elizaveta Firsova, Kai E. Schubert 205 $a1st ed. 210 $aLeverkusen$cVerlag Barbara Budrich$d2023 210 $d2023, c2024 215 $a1 online resource (230 pages) 225 0 $aTrierer Beiträge zur interdisziplinären Antisemitismusforschung 311 08$a3-8474-3021-1 327 $aDanksagung und Vorbemerkungen Luca Zarbock, Salome Richter, Marc Seul, Dorothea Seiler: Einleitung: Die Migrationsgesellschaft als ?jüdische Dystopie? ? Die Neue Rechte zwischen Migrationsfeindschaft, Islam-Bewunderung und Antisemitismus 1. Bestandsaufnahme Charlotte Wiemann: Antisemitismusdebatten als politisierte Deutungsmachtkonflikte in der postmigrantischen Gesellschaft Ruben Obenhaus: ?Und dann habe ich es verstanden: Das Siedeln der Völkischen ist wie bei den Israelis? ? Antisemitismus im ländlichen Raum bei Zivilgesellschaft und Völkischen Siedlern 2. Postnazistische Kontinuitäten Stefan Vennmann: Die völkische und liberale Doktrin der ?Vergangenheitsbewältigung?. Zur Reproduktion von Antisemitismus in Theorien kollektiven Erinnerns, expliziert an Carl Schmitt und Aleida Assmann Thure Alting, Benny Momper: Die Soziale Arbeit erinnert sich (nicht) ? Zur Geschichte und Geschichtsschreibung der Sozialen Arbeit im Nationalsozialismus Benjamin Damm: Die aktuelle Bedeutung und Verbreitung der ?Protokolle der Weisen von Zion? und die Möglichkeit einer Entzauberung 3. Intersektionalität und Mehrfachdiskriminierungen in der (post-)migrantischen Gesellschaft Sebastian Winter: Antirassistischer Antisemitismus & anti-antisemitischer Rassismus? Eine intersektionale Betrachtung jenseits der Soziologie Rosa Fava: Interaktionen zwischen Antisemitismus und Rassismus. Perspektiven aus der Bildungsarbeit Pavel Brunssen, Lasse Müller: Ziemlich unsportlich: Antisemitismus, Intersektionalität und Mehrfachdiskriminierungen im Sport 4. Potenziale und Grenzen pädagogischer Interventionen Linda Giesel, Katinka Meyer: ?Antisemitismus ist bei uns [k]ein Problem??! Forschung und Prävention im Jugendstrafvollzug Christoph Wolf, Elizaveta Firsova: Emotionen bei der Wahrnehmung Israels und des Nahostkonflikts ? Herausforderung und Chance für den Umgang mit israelbezogenem Antisemitismus in der Bildungspraxis Henning Gutfleisch: Zerfallene Erfahrung. Antisemitismuskritische Bildung in der Migrationsgesellschaft ? eine Analyse Kai E. Schubert: Nachwort: Bedeutung und Potentiale der Bearbeitung einer zentralen Fachkontroverse durch ?Nachwuchs?-Wissenschaftler*innen 330 $aOb im Klassenzimmer oder auf dem Sportplatz, in der Sozialen Arbeit oder der deutschen Erinnerungskultur ? Antisemitismus ist immer noch trauriger Alltag in der postnazistischen Migrationsgesellschaft Deutschlands. Der Band beleuchtet Kontinuitätslinien und aktuelle Entwicklungen des Antisemitismus in der Bundesrepublik und blickt auf Akteur:innen, Ideologien und die Möglichkeiten von Bildung gegen Antisemitismus. Be it in the classroom or on the sports field, in social work or in the German culture of remembrance - anti-Semitism is still sadly part of everyday life in Germany's post-Nazi migration society. The volume illuminates continuity lines and current developments of anti-Semitism in the Federal Republic and looks at actors, ideologies and the possibilities of education against anti-Semitism. 410 0$aTrierer Beiträge Zur Interdisziplinären Antisemitismusforschung Series 606 $aantisemitism 606 $aAntisemitismus 606 $aracism 606 $aRassismus 606 $amigration 606 $aMigration 606 $aAntizionismus 606 $apost-migrant society 606 $aantizionism 606 $aPostnazismus 606 $aeducation 606 $aMigrationsgesellschaft 606 $adiversity 606 $apostmigrantische Gesellschaft 606 $aBildung 606 $aDiversität 615 4$aantisemitism 615 4$aAntisemitismus 615 4$aracism 615 4$aRassismus 615 4$amigration 615 4$aMigration 615 4$aAntizionismus 615 4$apost-migrant society 615 4$aantizionism 615 4$aPostnazismus 615 4$aeducation 615 4$aMigrationsgesellschaft 615 4$adiversity 615 4$apostmigrantische Gesellschaft 615 4$aBildung 615 4$aDiversität 676 $a320.53 702 $aRichter$b Salome$4edt 702 $aSeiler$b Dorothea$4edt 702 $aSeul$b Marc$4edt 702 $aZarbock$b Luca$4edt 702 $aBorsch$b Andreas$4edt 702 $aGärtner$b Luisa$4edt 702 $aSchmidt$b Lennard$4edt 702 $aGutfleisch$b Henning$4ctb 702 $aVennmann$b Stefan$4ctb 702 $aWinter$b Sebastian$4ctb 702 $aWolf$b Christoph$cProf. Dr.$4ctb 702 $aWiemann$b Charlotte$4ctb 702 $aObenhaus$b Ruben$4ctb 702 $aAlting$b Thure$4ctb 702 $aMomper$b Benny$4ctb 702 $aDamm$b Benjamin$4ctb 702 $aFava$b Rosa$cDr.$4ctb 702 $aBrunssen$b Pavel$4ctb 702 $aMüller$b Lasse$4ctb 702 $aGiesel$b Linda$4ctb 702 $aMeyer$b Katinka$4ctb 702 $aFirsova$b Elizaveta$4ctb 702 $aSchubert$b Kai E$4ctb 801 0$bMiAaPQ 801 1$bMiAaPQ 801 2$bMiAaPQ 906 $aBOOK 912 $a9910754084803321 996 $aAntisemitismus in der postnazistischen Migrationsgesellschaft$94414049 997 $aUNINA